banner-ar

الاستخبارات السوفياتية فى العالم 1990-1917 (Record no. 28734)

MARC details
000 -الفاتح
حقل البيانات ثابتة الطول 00569nam a2200169Ia 4500
005 - وقت وتاريخ اخر تعامل مع التسجيلة
رقم الضبط 20240530101924.0
008 - عناصر البيانات ثابتة الطول - معلومات عامة
حقل البيانات ثابتة الطول 140319s9999 xx 000 0 ara d
040 ## - مصدر الفهرسة
وكالة الفهرسة الأصلية GCL /
وكالة النسخ GCL
082 04 - رقم تصنيف ديوى العشرى
رقم التصنيف 327.12
رقم المادة غ ا
100 ## - المدخل الرئيسى - إسم شخصى
رمز الرابط غورديفسكى، اوليغ
245 10 - بيان العنوان
العنوان الاستخبارات السوفياتية فى العالم 1990-1917
بيان المسئوليه,etc غورديفسكى، اوليغ
260 ## - PUBLICATION, DISTRIBUTION, ETC. (IMPRINT)
تاريخ النشر أو التوزيع 1991
300 ## - الوصف المادى
التعداد 751 ص
700 ## - المدخل الاضافى - اسم شخصى
الإسم الشخصى هنادى السمرا
الدور مترجم
942 ## - عناصر المدخل الإضافي( كوها)
مصدر التصنيف او مخطط الترفيف Dewey Decimal Classification
Koha [default] item type كتاب
260 ## - PUBLICATION, DISTRIBUTION, ETC. (IMPRINT)
-- بيروت
-- دار الحقيقة للطباعة والنشر ،
Holdings
حالة التراجع حالة الفقد حالة تلف ليس للاعارة المكان المؤقت الموقع الحالى تاريخ الاكتساب اجمالي اﻻعارات رقم الطلب الباركود تاريخ اخر مشاهدة تاريخ تفعيل السعر نوع وعاء كوها
        مكتبة القاهرة الكبرى مكتبة القاهرة الكبرى 03/26/2014   327.12\غ ا 2 65549 03/26/2014 03/26/2014 كتاب
        مكتبة القاهرة الكبرى مكتبة القاهرة الكبرى 03/26/2014   327.12\غ ا 2 65550 03/26/2014 03/26/2014 كتاب

Powered By

EGPV